000 00312nam a2200133Ia 4500
005 20260328101508.0
008 260328s9999||||xx |||||||||||||| ||und||
100 _aVirey, Jean
245 0 _aL'Abbaye de Cluny /
_cJean Virey
260 _bHenri Laurens
300 _a62 p.
650 _aARQUITECTURA
942 _cBK
999 _c9092
_d9092